Succession Actors Quiz - Statistics

General Stats
  • This quiz has been taken 84 times
  • The average score is 9 of 20
Answer Stats
Character Actor % Correct
Logan Roy Brian Cox
96%
Kendall Roy Jeremy Strong
95%
Roman Roy Kieran Culkin
92%
Siobhan "Shiv" Roy Sarah Snook
88%
Tom Wambsgans Matthew Macfadyen
63%
Greg Hirsch Nicholas Braun
59%
Connor Roy Alan Ruck
55%
Lukas Matsson Alexander Skarsgård
49%
Gerri Kellman J. Smith-Cameron
45%
Marcia Roy Hiam Abbass
33%
Rhea Jarrell Holly Hunter
32%
Ewan Roy James Cromwell
24%
Lawrence Yee Rob Yang
22%
Karolina Novotney Dagmara Domińczyk
20%
Rava Roy Natalie Gold
20%
Frank Vernon Peter Friedman
20%
Stewy Hosseini Arian Moayed
18%
Nan Pierce Cherry Jones
18%
Caroline Wollingwood Harriet Walter
17%
Karl Muller David Rasche
16%
No matching quizzes found
Score Distribution
Percent of People with Each Score
Percentile by Number Answered
Your Score History
You have not taken this quiz